|
|
|
|
| LEADER |
01769nam a2200445 a 4500 |
| 001 |
EBC1195506 |
| 003 |
MiAaPQ |
| 005 |
20200520144314.0 |
| 006 |
m o d | |
| 007 |
cr cn||||||||| |
| 008 |
130717s2010 gw sb 100 0 eng d |
| 020 |
|
|
|z 9783868380804
|
| 020 |
|
|
|z 9783110330182
|
| 020 |
|
|
|z 9783110330571 (e-book)
|
| 035 |
|
|
|a (MiAaPQ)EBC1195506
|
| 035 |
|
|
|a (Au-PeEL)EBL1195506
|
| 035 |
|
|
|a (CaPaEBR)ebr10728711
|
| 035 |
|
|
|a (OCoLC)855969026
|
| 040 |
|
|
|a MiAaPQ
|c MiAaPQ
|d MiAaPQ
|
| 041 |
0 |
|
|a eng
|a ger
|
| 050 |
|
4 |
|a P121
|b .I58 2009
|
| 111 |
2 |
|
|a International Wittgenstein Symposium
|n (32nd :
|d 2009 :
|c Kirchberg am Wechsel, Austria)
|
| 245 |
1 |
0 |
|a Language and world
|h [electronic resource] .
|n Part two,
|p Signs, minds and actions /
|c Volker Munz, Klaus Puhl, Joseph Wang.
|
| 260 |
|
|
|a Frankfurt :
|b Ontos Verlag,
|c 2010.
|
| 300 |
|
|
|a 336 p.
|
| 440 |
|
0 |
|a Publications of the Austrian Ludwig Wittgenstein Society ;
|v n.s., v. 15
|
| 500 |
|
|
|a Proceedings of the 32nd International Wittgenstein Symposium in Kirchberg/Lower Austria, August 2009.
|
| 504 |
|
|
|a Includes bibliographical references.
|
| 533 |
|
|
|a Electronic reproduction. Ann Arbor, MI : ProQuest, 2015. Available via World Wide Web. Access may be limited to ProQuest affiliated libraries.
|
| 546 |
|
|
|a English and German.
|
| 600 |
1 |
0 |
|a Wittgenstein, Ludwig,
|d 1889-1951
|v Congresses.
|
| 650 |
|
0 |
|a Linguistics
|v Congresses.
|
| 650 |
|
0 |
|a Sociolinguistics
|v Congresses.
|
| 650 |
|
0 |
|a Psycholinguistics
|v Congresses.
|
| 655 |
|
4 |
|a Electronic books.
|
| 700 |
1 |
|
|a Munz, Volker.
|
| 700 |
1 |
|
|a Puhl, Klaus.
|
| 700 |
1 |
|
|a Wang, Joseph.
|
| 710 |
2 |
|
|a ProQuest (Firm)
|
| 856 |
4 |
0 |
|u https://ebookcentral.proquest.com/lib/matrademy/detail.action?docID=1195506
|z Click to View
|